Constitution of India (Record no. 6408)

MARC details
000 -LEADER
fixed length control field 00405nam a22001697a 4500
005 - DATE AND TIME OF LATEST TRANSACTION
control field 20210904103609.0
008 - FIXED-LENGTH DATA ELEMENTS--GENERAL INFORMATION
fixed length control field 200521b xxu||||| |||| 00| 0 eng d
020 ## - INTERNATIONAL STANDARD BOOK NUMBER
ISBN 9789388206280
041 ## - LANGUAGE CODE
Language code of text/sound track or separate title eng
082 ## - DEWEY DECIMAL CLASSIFICATION NUMBER
Classification number 342.54
100 ## - MAIN ENTRY--AUTHOR NAME
Personal name Shuklas, V N and Singh Mahendra Pal
245 ## - TITLE STATEMENT
Title Constitution of India
260 ## - PUBLICATION, DISTRIBUTION, ETC. (IMPRINT)
Place of publication Lucknow
Name of publisher EBS
Year of publication 2017
300 ## - PHYSICAL DESCRIPTION
Number of Pages 1254
650 ## - SUBJECT ADDED ENTRY--TOPICAL TERM
Topical Term Law
942 ## - ADDED ENTRY ELEMENTS (KOHA)
Koha item type Books
Holdings
Lost status Damaged status Home library Current library Date acquired Source of acquisition Cost, normal purchase price Full call number Accession Number Koha item type Collection code Shelving location
    JRU Library   02/06/2020 PURCHASE 995.00 342.54 24309 Books    
    JRU Library JRU Library 02/06/2020 PURCHASE 995.00 342.54 24310 Books LAW SHELF-29-A
    JRU Library JRU Library 02/06/2020 PURCHASE 995.00 342.54 24311 Books LAW SHELF-29-A